NLSUI OPAC header image

Title (Record no. 115840)

MARC details
000 -LEADER
fixed length control field 00434nam a2200205Ia 4500
008 - FIXED-LENGTH DATA ELEMENTS--GENERAL INFORMATION
fixed length control field 200102s9999 xx 000 0 und d
100 ## - MAIN ENTRY--PERSONAL NAME
Personal name First author
245 #0 - TITLE STATEMENT
Title Title
245 #0 - TITLE STATEMENT
Remainder of title Subtitle
260 ## - PUBLICATION, DISTRIBUTION, ETC.
Place of publication, distribution, etc. Place
260 ## - PUBLICATION, DISTRIBUTION, ETC.
Name of publisher, distributor, etc. Publisher
260 ## - PUBLICATION, DISTRIBUTION, ETC.
Date of publication, distribution, etc. Year
300 ## - PHYSICAL DESCRIPTION
Extent Pages
650 ## - SUBJECT ADDED ENTRY--TOPICAL TERM
Topical term or geographic name entry element keyword1
650 ## - SUBJECT ADDED ENTRY--TOPICAL TERM
Topical term or geographic name entry element keyword2
650 ## - SUBJECT ADDED ENTRY--TOPICAL TERM
Topical term or geographic name entry element keyword3
650 ## - SUBJECT ADDED ENTRY--TOPICAL TERM
Topical term or geographic name entry element keyword4
700 ## - ADDED ENTRY--PERSONAL NAME
Personal name Second Author
942 ## - ADDED ENTRY ELEMENTS (KOHA)
Koha item type

No items available.